000 00552cam a2200217ua 4500
001 9372
008 150819n ii |||gr||||Z||||||eng
020 _a9788192010106
040 _cMAIN
041 _aeng
082 _a370
100 _aDas, Phunu,
_eAuthor.
245 1 _aPrinciples and theories of education
_cby Phunu Das
250 _aMod. & enl. ed.
260 _aGuwahati:
_bShanti prakashan,
_c2011.
300 _a486p.
653 _aEducation
700 _aGoswami, Sadhana,
_eAuthor.
700 _aSarma, Nirupama,
_eAuthor.
942 _cBK
999 _c8431
_d8431